| 000 | 01425nam a2200349 a 4500 | ||
|---|---|---|---|
| 001 | 000115669 | ||
| 003 | CHAP | ||
| 005 | 20220329144544.0 | ||
| 008 | 190620s2018 mx a |sm |||||||spa d | ||
| 010 | _a112130 | ||
| 011 | _a113102 | ||
| 040 | _cCHAP | ||
| 090 | _aTesis | ||
| 100 | 1 |
_aFigueroa Sánchez, Julio César. _9136229 |
|
| 245 | 1 | 0 |
_aGobernanza de los residuos sólidos en áreas naturales protegidas de Chiapas México: _h[En línea] _bel caso del ejido los Ángeles, reserva de la biosfera la sepultura / _cpor Julio César Figueroa Sánchez. |
| 260 |
_aSan Cristóbal de las Casas, Chiapas, Méx. : _bEl autor, _c2018. |
||
| 500 | _aPara ver el contenido del material haga clic en la liga | ||
| 502 | _aTesis (M.C. en Desarrollo Rural Regional) -- UACH. Dirección General de Control Regional | ||
| 590 |
_aBATCH-UPD _b05 _c20190620 _lUCH01 _h1251 |
||
| 590 |
_aE6339RRR _b05 _c20190620 _lUCH01 _h1250 |
||
| 590 |
_aE6339RRR _b05 _c20190620 _lUCH01 _h1251 |
||
| 590 |
_aE6339RRR _b05 _c20190620 _lUCH01 _h1451 |
||
| 590 |
_aE6339RRR _b05 _c20190620 _lUCH01 _h1453 |
||
| 650 | 1 | 4 |
_aBasura _xEliminación. _910759 |
| 650 | 1 | 4 |
_aBasuras _xAspectos ambientales. _9131491 |
| 650 | 1 | 4 |
_aReservas naturales _xPolitica y programas. _9134867 |
| 650 | 1 | 4 |
_aResiduos sólidos _xControl. _9132274 |
| 856 |
_aFinding aid _uhttp://10.13.5.2/tesis/sist115669.pdf _zTeclea aquí |
||
| 901 | _aBK | ||
| 942 | _cTESIS | ||
| 942 | _n0 | ||
| 999 |
_c112130 _d112130 |
||